<?xml version="1.0" encoding="UTF-8"?>
<collection xmlns="http://www.loc.gov/MARC21/slim">
 <record>
  <leader>01582nam a2200217Ia 4500</leader>
  <controlfield tag="001">TDMU_19729</controlfield>
  <controlfield tag="008">210410s9999    xx            000 0 und d</controlfield>
  <datafield tag="082" ind1=" " ind2=" ">
   <subfield code="a">371.3</subfield>
  </datafield>
  <datafield tag="090" ind1=" " ind2=" ">
   <subfield code="b">NG527</subfield>
  </datafield>
  <datafield tag="100" ind1=" " ind2=" ">
   <subfield code="a">Nguyễn, Hạnh Dung</subfield>
  </datafield>
  <datafield tag="245" ind1=" " ind2="0">
   <subfield code="a">Một số vấn đề về đổi mới phương pháp dạy học môn: Tiếng Anh, tiếng Nga, tiếng Pháp, tiếng Trung Quốc lớp 8</subfield>
  </datafield>
  <datafield tag="245" ind1=" " ind2="0">
   <subfield code="c">Nguyễn Hạnh Dung...[và những người khác]</subfield>
  </datafield>
  <datafield tag="260" ind1=" " ind2=" ">
   <subfield code="a">H.</subfield>
  </datafield>
  <datafield tag="260" ind1=" " ind2=" ">
   <subfield code="b">Giáo duc</subfield>
  </datafield>
  <datafield tag="260" ind1=" " ind2=" ">
   <subfield code="c">2004</subfield>
  </datafield>
  <datafield tag="300" ind1=" " ind2=" ">
   <subfield code="a">128tr.</subfield>
  </datafield>
  <datafield tag="520" ind1=" " ind2=" ">
   <subfield code="a">Tài liệu lưu hành nội bộ; Tài liệu được cấu trúc theo 3 phần: Phần thứ nhất là những vấn đề chung về PPDH và định hướng đổi mới PPDH. Phần thứ 2 là vận dụng định hướng đổi mới PPDH vào dạy học bộ môn. Phần thứ 3 là một số bài soạn minh họa theo SGK lớp 8</subfield>
  </datafield>
  <datafield tag="650" ind1=" " ind2=" ">
   <subfield code="a">Tiếng Anh</subfield>
   <subfield code="x">Phương pháp giảng dạy</subfield>
   <subfield code="x">Trung học cơ sở; Đổi mới phương pháp dạy học</subfield>
   <subfield code="x">Trung học cơ sở; Tiếng Nga</subfield>
   <subfield code="x">Phương pháp giảng dạy</subfield>
   <subfield code="x">Trung học cơ sở; Tiếng Pháp</subfield>
   <subfield code="x">Phương pháp giảng dạy</subfield>
   <subfield code="x">Trung học cơ sở; Tiếng Trung Quốc</subfield>
   <subfield code="x">Phương pháp giảng dạy</subfield>
   <subfield code="x">Trung học cơ sở</subfield>
  </datafield>
  <datafield tag="700" ind1=" " ind2=" ">
   <subfield code="a">Đào, Ngọc Lộc</subfield>
  </datafield>
  <datafield tag="856" ind1=" " ind2=" ">
   <subfield code="u">http://lrc.tdmu.edu.vn/opac/search/detail.asp?aID=2&amp;ID=19729</subfield>
  </datafield>
  <datafield tag="980" ind1=" " ind2=" ">
   <subfield code="a">Trung tâm Học liệu Trường Đại học Thủ Dầu Một</subfield>
  </datafield>
 </record>
</collection>
